000 00220 a2200097 4500
001 45785
100 _aBritannica
245 _aBook of year 1984
260 _aChicago
_bEncyclopedia Britannica
_c
090 _c28909
_d28909
942 _aNUST-CAE
_cM
_c21012
999 _c280858
_d280858